[Event "CAN-ch U12"]
[Site "Toronto CAN"]
[Date "1997.02.01"]
[Round "2"]
[White "Ma, Xiao"]
[Black "Wong, Samuel"]
[Result "0-1"]
[WhiteElo "1588"]
[BlackElo "1873"]
[PlyCount "128"]
[GameId "2160767911966577"]
[EventDate "1997.01.31"]
[EventType "swiss"]
[EventRounds "5"]
[EventCountry "CAN"]
[SourceTitle "EXT 2002"]
[Source "ChessBase"]
[SourceDate "2001.11.25"]
[SourceVersion "1"]
[SourceVersionDate "2001.11.25"]
[SourceQuality "1"]

1. e4 c5 2. Nf3 d6 3. d4 cxd4 4. Nxd4 Nf6 5. Nc3 a6 6. Bg5 e6 7. f4 Be7 8. Qf3 Qb6 9. O-O-O Nc6 10. Nb3 Qc7 11. g4 Bd7 12. Bxf6 Bxf6 13. g5 Be7 14. Kb1 Rc8 15. a4 Na5 16. Nd4 Qb6 17. f5 Nc4 18. Nb3 Qb4 19. f6 gxf6 20. gxf6 Bf8 21. Rg1 Bxa4 22. Nxa4 Qxa4 23. Rd3 Ne5 24. Qh3 Nxd3 25. Bxd3 Qb4 26. Nc1 a5 27. Na2 Qb6 28. Rg5 Rc5 29. Rg7 h6 30. Rg2 Re5 31. Nc3 Qb4 32. Nd5 Qc5 33. Rg3 Kd8 34. Ne3 Rg5 35. Nc4 Rxg3 36. Qxg3 Kc7 37. e5 dxe5 38. Nxe5 Qd6 39. Nxf7 Qxg3 40. hxg3 Rg8 41. Ne5 Rxg3 42. Ng6 Bd6 43. f7 Rf3 44. f8=Q Bxf8 45. Ne5 Rg3 46. Ng6 Bd6 47. Nh4 Rh3 48. Ng2 h5 49. b3 h4 50. Kb2 Rxd3 51. Nxh4 Rg3 52. Kc1 Kd7 53. Kd2 Be7 54. Nf5 exf5 55. Ke2 Bh4 56. Kd2 b5 57. Ke2 a4 58. bxa4 bxa4 59. c4 a3 60. c5 a2 61. c6+ Kc7 62. Kd2 a1=Q 63. Kc2 Qa2+ 64. Kc1 Rg1# 0-1

[Event "CAN-ch U12"]
[Site "Toronto CAN"]
[Date "1997.02.01"]
[Round "2"]
[White "Zou, Yuchuan"]
[Black "Chua, Samuel"]
[Result "1-0"]
[WhiteElo "1770"]
[BlackElo "1712"]
[PlyCount "102"]
[GameId "2160767911966578"]
[EventDate "1997.01.31"]
[EventType "swiss"]
[EventRounds "5"]
[EventCountry "CAN"]
[SourceTitle "EXT 2002"]
[Source "ChessBase"]
[SourceDate "2001.11.25"]
[SourceVersion "1"]
[SourceVersionDate "2001.11.25"]
[SourceQuality "1"]

1. e4 c5 2. Nf3 d6 3. d4 cxd4 4. Nxd4 Nf6 5. Nc3 a6 6. Be2 e6 7. O-O Be7 8. Be3 b5 9. a3 Bb7 10. f3 O-O 11. Qd2 Nbd7 12. Rfd1 d5 13. exd5 Nxd5 14. Nxd5 Bxd5 15. Rac1 Nf6 16. c4 bxc4 17. Bxc4 Qd7 18. Bxd5 Nxd5 19. Bf2 Rfc8 20. Rxc8+ Rxc8 21. Rc1 h6 22. Rc2 Bg5 23. Qe2 Rxc2 24. Qxc2 Qc7 25. Qxc7 Nxc7 26. Kf1 Bc1 27. b3 Bxa3 28. Ke2 Bc5 29. f4 Kf8 30. Be3 Ke8 31. Kd3 Kd7 32. g3 Kd6 33. Kc4 Bxd4 34. Bxd4 f6 35. Bc5+ Kc6 36. Bf8 Ne8 37. g4 e5 38. fxe5 fxe5 39. h3 Nd6+ 40. Kd3 Ne8 41. Ke4 Nf6+ 42. Kf5 Kb5 43. Bxg7 Nd7 44. Ke6 Nc5+ 45. Kxe5 Nxb3 46. Bxh6 a5 47. Bf8 Kc4 48. g5 Nc5 49. Bxc5 Kxc5 50. g6 a4 51. g7 a3 1-0

[Event "CAN-ch U12"]
[Site "Toronto CAN"]
[Date "1997.02.01"]
[Round "3"]
[White "Canal, Richard"]
[Black "Ma, Xiao"]
[Result "0-1"]
[WhiteElo "1162"]
[BlackElo "1588"]
[PlyCount "34"]
[GameId "2160767911966579"]
[EventDate "1997.01.31"]
[EventType "swiss"]
[EventRounds "5"]
[EventCountry "CAN"]
[SourceTitle "EXT 2002"]
[Source "ChessBase"]
[SourceDate "2001.11.25"]
[SourceVersion "1"]
[SourceVersionDate "2001.11.25"]
[SourceQuality "1"]

1. e4 e5 2. Nf3 Nc6 3. Nc3 Nf6 4. Bc4 Nxe4 5. Bxf7+ Kxf7 6. Nxe4 d5 7. Neg5+ Ke8 8. d4 e4 9. Ne5 Nxe5 10. dxe5 Bf5 11. g4 Bg6 12. f3 h6 13. Ne6 Qe7 14. Nxf8 Qh4+ 15. Kf1 Rxf8 16. Qxd5 Rxf3+ 17. Kg1 Qf2# 0-1

[Event "CAN-ch U12"]
[Site "Toronto CAN"]
[Date "1997.02.01"]
[Round "3"]
[White "Chua, Samuel"]
[Black "Awate, Archis"]
[Result "1-0"]
[WhiteElo "1712"]
[BlackElo "1724"]
[PlyCount "45"]
[GameId "2160767911966580"]
[EventDate "1997.01.31"]
[EventType "swiss"]
[EventRounds "5"]
[EventCountry "CAN"]
[SourceTitle "EXT 2002"]
[Source "ChessBase"]
[SourceDate "2001.11.25"]
[SourceVersion "1"]
[SourceVersionDate "2001.11.25"]
[SourceQuality "1"]

1. d4 d5 2. c4 e6 3. Nc3 Nf6 4. e3 Nbd7 5. Nf3 Be7 6. Qc2 b6 7. b3 Bb7 8. Bb2 O-O 9. Be2 c5 10. O-O-O dxc4 11. Bxc4 Rc8 12. d5 exd5 13. Nxd5 Bxd5 14. Bxd5 c4 15. Kb1 Nxd5 16. Rxd5 cxb3 17. Qxb3 Qc7 18. Rc1 Nc5 19. Qc4 Qb7 20. Qg4 f6 21. Rdd1 Rfd8 22. Nd4 Ne4 23. Ne6 1-0

[Event "CAN-ch U12"]
[Site "Toronto CAN"]
[Date "1997.02.01"]
[Round "3"]
[White "Kovacs, Peter"]
[Black "Landry, Scott"]
[Result "1-0"]
[WhiteElo "1869"]
[BlackElo "1319"]
[PlyCount "89"]
[GameId "2160767911966581"]
[EventDate "1997.01.31"]
[EventType "swiss"]
[EventRounds "5"]
[EventCountry "CAN"]
[SourceTitle "EXT 2002"]
[Source "ChessBase"]
[SourceDate "2001.11.25"]
[SourceVersion "1"]
[SourceVersionDate "2001.11.25"]
[SourceQuality "1"]

1. e4 e5 2. Nf3 Nc6 3. Bc4 Nf6 4. d4 exd4 5. O-O Bc5 6. Bg5 O-O 7. e5 d5 8. Bb5 a6 9. Bxc6 bxc6 10. exf6 gxf6 11. Bh6 Re8 12. Nxd4 Re4 13. Nxc6 Qd6 14. Re1 Rxe1+ 15. Qxe1 Qxc6 16. Nc3 Bd7 17. Qd2 d4 18. Qf4 Qd6 19. Ne4 Qxf4 20. Bxf4 Be7 21. Rd1 c5 22. Bd6 Bxd6 23. Nxf6+ Kh8 24. Nxd7 Rd8 25. Nb6 Rb8 26. Nc4 Be7 27. Kf1 Rb4 28. b3 Kg7 29. Ne5 Bd6 30. Nd3 Rb7 31. Nb2 Bxh2 32. g3 c4 33. Nxc4 Kf6 34. Kg2 Bxg3 35. fxg3 Re7 36. Kf3 Re6 37. Rxd4 Kg5 38. Rd5+ Kg6 39. Rd6 Rxd6 40. Nxd6 Kf6 41. Ne4+ Ke6 42. Ng5+ Kf6 43. Nxh7+ Kg6 44. c4 Kxh7 45. c5 1-0

[Event "CAN-ch U12"]
[Site "Toronto CAN"]
[Date "1997.02.01"]
[Round "3"]
[White "Sodha, Espen"]
[Black "Brown, Ryan"]
[Result "1-0"]
[WhiteElo "1514"]
[BlackElo "1553"]
[PlyCount "107"]
[GameId "2160767911966582"]
[EventDate "1997.01.31"]
[EventType "swiss"]
[EventRounds "5"]
[EventCountry "CAN"]
[SourceTitle "EXT 2002"]
[Source "ChessBase"]
[SourceDate "2001.11.25"]
[SourceVersion "1"]
[SourceVersionDate "2001.11.25"]
[SourceQuality "1"]

1. e4 e5 2. Nf3 Nf6 3. Nxe5 d6 4. Nf3 Nxe4 5. d3 Nf6 6. Bg5 Be7 7. Be2 O-O 8. O-O h6 9. Be3 Nc6 10. Nc3 d5 11. d4 Bf5 12. a3 a6 13. Bd3 Bg4 14. h3 Bh5 15. Be2 Bd6 16. Nd2 Bxe2 17. Qxe2 Re8 18. Qf3 Re6 19. Rfe1 Qd7 20. Nb3 Rae8 21. Kf1 Ne7 22. Bd2 Rxe1+ 23. Rxe1 h5 24. Bg5 Nh7 25. Bxe7 Bxe7 26. Qxd5 Qc6 27. Qxh5 Nf6 28. Qf3 Qc4+ 29. Qd3 Qc6 30. Ne4 Rd8 31. Nxf6+ Bxf6 32. Qe4 Qc4+ 33. Kg1 Bxd4 34. Nxd4 Qxd4 35. Qxb7 Qd2 36. Qe4 Qd6 37. Qa4 Rf8 38. Qb4 c5 39. Qc3 Rb8 40. b3 Qd5 41. Qe5 Qxe5 42. Rxe5 Rc8 43. Kf1 f6 44. Re4 Kf7 45. Ra4 Rc6 46. Ke2 Ke6 47. Ke3 f5 48. f4 Kd5 49. g4 Re6+ 50. Kd2 fxg4 51. c4+ Kd6 52. Rxa6+ Ke7 53. Rxe6+ Kxe6 54. hxg4 1-0

[Event "CAN-ch U12"]
[Site "Toronto CAN"]
[Date "1997.02.01"]
[Round "3"]
[White "Wong, Samuel"]
[Black "Divljan, Igor"]
[Result "0-1"]
[WhiteElo "1873"]
[BlackElo "1866"]
[PlyCount "72"]
[GameId "2160767911966583"]
[EventDate "1997.01.31"]
[EventType "swiss"]
[EventRounds "5"]
[EventCountry "CAN"]
[SourceTitle "EXT 2002"]
[Source "ChessBase"]
[SourceDate "2001.11.25"]
[SourceVersion "1"]
[SourceVersionDate "2001.11.25"]
[SourceQuality "1"]

1. d4 f5 2. Nf3 Nf6 3. c4 g6 4. Nc3 Bg7 5. e3 O-O 6. Be2 d6 7. b3 c6 8. Bb2 Qe8 9. Qc2 e5 10. dxe5 dxe5 11. h3 e4 12. Nd2 Nbd7 13. O-O-O Nb6 14. Ndb1 Be6 15. Rd2 a5 16. Ba3 Rf7 17. c5 Nbd5 18. Bc4 Nxc3 19. Nxc3 Bxc4 20. bxc4 Nd7 21. Na4 Qe7 22. Rhd1 Ne5 23. Nb2 b5 24. cxb5 cxb5 25. c6 b4 26. Nc4 Nd3+ 27. Rxd3 exd3 28. Rxd3 bxa3 29. Rd7 Qb4 30. Rxf7 Kxf7 31. Qd3 Rb8 32. Qd7+ Kf8 33. Qd6+ Qxd6 34. Nxd6 Rb6 35. c7 Rc6+ 36. Kd2 Rxd6+ 0-1

[Event "CAN-ch U12"]
[Site "Toronto CAN"]
[Date "1997.02.01"]
[Round "3"]
[White "Zou, Yuchuan"]
[Black "Fortin, Marc"]
[Result "1-0"]
[WhiteElo "1770"]
[BlackElo "1942"]
[PlyCount "93"]
[GameId "2160767911966584"]
[EventDate "1997.01.31"]
[EventType "swiss"]
[EventRounds "5"]
[EventCountry "CAN"]
[SourceTitle "EXT 2002"]
[Source "ChessBase"]
[SourceDate "2001.11.25"]
[SourceVersion "1"]
[SourceVersionDate "2001.11.25"]
[SourceQuality "1"]

1. e4 c5 2. Nf3 d6 3. d4 cxd4 4. Nxd4 Nf6 5. Nc3 Nc6 6. Nxc6 bxc6 7. Bc4 g6 8. O-O Bg7 9. Re1 O-O 10. h3 Bb7 11. Qd3 Nd7 12. Bf4 Ne5 13. Qe2 Nxc4 14. Qxc4 Qb6 15. Qb3 Qxb3 16. axb3 e5 17. Be3 a6 18. Red1 Rad8 19. Bb6 Rd7 20. Na4 Bc8 21. Be3 Bb7 22. Nc5 Rfd8 23. Nxb7 Rxb7 24. Rxa6 d5 25. Rxc6 d4 26. Bg5 Rf8 27. f3 f6 28. Bh4 Kf7 29. Kf1 Ra8 30. Ke2 Ke7 31. Rc4 Rab8 32. Kd3 Kd7 33. Ra1 f5 34. Ra6 fxe4+ 35. Kxe4 Rf8 36. Bg3 Rf5 37. Rc5 Rg5 38. Rd5+ Kc7 39. Bxe5+ Bxe5 40. Rxe5 Rxg2 41. Re7+ Kb8 42. Re8+ Kc7 43. Kd3 Rg3 44. Rf6 Rxh3 45. Re7+ Kd8 46. Rxb7 Ke8 47. Ra6 1-0

[Event "CAN-ch U12"]
[Site "Toronto CAN"]
[Date "1997.02.02"]
[Round "4"]
[White "Awate, Archis"]
[Black "Kovacs, Peter"]
[Result "1-0"]
[WhiteElo "1724"]
[BlackElo "1869"]
[PlyCount "79"]
[GameId "2160767911966586"]
[EventDate "1997.01.31"]
[EventType "swiss"]
[EventRounds "5"]
[EventCountry "CAN"]
[SourceTitle "EXT 2002"]
[Source "ChessBase"]
[SourceDate "2001.11.25"]
[SourceVersion "1"]
[SourceVersionDate "2001.11.25"]
[SourceQuality "1"]

1. e4 c6 2. d4 d5 3. Nc3 dxe4 4. Nxe4 Nd7 5. Nf3 Ngf6 6. Bd3 Nxe4 7. Bxe4 Nf6 8. Bd3 Bg4 9. Be3 e6 10. h3 Bh5 11. O-O Bd6 12. c4 Qd7 13. Be2 O-O 14. Qc2 h6 15. Rab1 a5 16. c5 Bc7 17. b4 Nd5 18. b5 Bg6 19. Qd2 Bxb1 20. Rxb1 f5 21. Qc2 Nb4 22. Qa4 Nd5 23. Qc2 Bf4 24. Bxf4 Nxf4 25. Bc4 g5 26. Kh1 Nd5 27. Bxd5 Qxd5 28. bxc6 bxc6 29. Rb7 Rfb8 30. Rc7 Rc8 31. Rb7 Rf8 32. Qe2 Rf7 33. Rb6 Raa7 34. Rb8+ Kh7 35. Nxg5+ hxg5 36. Qh5+ Kg7 37. Rh8 Kf6 38. Qh6+ Ke7 39. Qxg5+ Kd7 40. Qd8# 1-0

[Event "CAN-ch U12"]
[Site "Toronto CAN"]
[Date "1997.02.02"]
[Round "4"]
[White "Brown, Ryan"]
[Black "Wong, Samuel"]
[Result "0-1"]
[WhiteElo "1553"]
[BlackElo "1873"]
[PlyCount "62"]
[GameId "2160767911966587"]
[EventDate "1997.01.31"]
[EventType "swiss"]
[EventRounds "5"]
[EventCountry "CAN"]
[SourceTitle "EXT 2002"]
[Source "ChessBase"]
[SourceDate "2001.11.25"]
[SourceVersion "1"]
[SourceVersionDate "2001.11.25"]
[SourceQuality "1"]

1. e4 c5 2. Nf3 d6 3. Nc3 Nf6 4. d4 cxd4 5. Nxd4 a6 6. a4 e6 7. Bg5 Be7 8. Qd2 Qc7 9. Be2 Nc6 10. Nxc6 Qxc6 11. Bf3 Qb6 12. O-O O-O 13. Rfd1 Rd8 14. Rab1 h6 15. Bh4 Rb8 16. b4 Bd7 17. a5 Qc7 18. Ne2 Bc6 19. Qe3 Rbc8 20. c4 Be8 21. Rbc1 Nh7 22. Bxe7 Qxe7 23. Ng3 Bc6 24. Rc3 Rc7 25. Ne2 Ng5 26. Nd4 Nxf3+ 27. Nxf3 d5 28. e5 dxc4 29. Rxd8+ Qxd8 30. Rxc4 Bxf3 31. Rd4 Qxd4 0-1

[Event "CAN-ch U12"]
[Site "Toronto CAN"]
[Date "1997.02.02"]
[Round "4"]
[White "Divljan, Igor"]
[Black "Fortin, Marc"]
[Result "1-0"]
[WhiteElo "1866"]
[BlackElo "1942"]
[PlyCount "75"]
[GameId "2160767911966588"]
[EventDate "1997.01.31"]
[EventType "swiss"]
[EventRounds "5"]
[EventCountry "CAN"]
[SourceTitle "EXT 2002"]
[Source "ChessBase"]
[SourceDate "2001.11.25"]
[SourceVersion "1"]
[SourceVersionDate "2001.11.25"]
[SourceQuality "1"]

1. e4 c5 2. b3 e6 3. Bb2 Nf6 4. e5 Nd5 5. c4 Nc7 6. Nf3 Nc6 7. g3 b6 8. Bg2 Bb7 9. O-O Be7 10. Nc3 O-O 11. Ne2 f6 12. d4 cxd4 13. Nfxd4 Nxd4 14. Bxb7 Nxe2+ 15. Qxe2 Rb8 16. Bg2 fxe5 17. Rad1 d6 18. Bxe5 Rf5 19. Bb2 e5 20. Be4 Rf6 21. Bxe5 Re6 22. Bb2 Kh8 23. Qd3 h6 24. Bf5 Qf8 25. Bxe6 Nxe6 26. Qg6 Ng5 27. f4 Nf7 28. Rfe1 Rb7 29. Re6 Nd8 30. Qxh6+ Kg8 31. Rg6 Bg5 32. Qxg5 Re7 33. Rxg7+ Rxg7 34. Bxg7 Qe8 35. Bf6+ Kf7 36. Qg7+ Ke6 37. Re1+ Kf5 38. Qg5# 1-0

[Event "CAN-ch U12"]
[Site "Toronto CAN"]
[Date "1997.02.02"]
[Round "4"]
[White "Landry, Scott"]
[Black "Canal, Richard"]
[Result "1-0"]
[WhiteElo "1319"]
[BlackElo "1162"]
[PlyCount "57"]
[GameId "2160767911966589"]
[EventDate "1997.01.31"]
[EventType "swiss"]
[EventRounds "5"]
[EventCountry "CAN"]
[SourceTitle "EXT 2002"]
[Source "ChessBase"]
[SourceDate "2001.11.25"]
[SourceVersion "1"]
[SourceVersionDate "2001.11.25"]
[SourceQuality "1"]

1. e4 c5 2. Nf3 d6 3. Nc3 g6 4. Bc4 Bg7 5. O-O Nf6 6. d3 O-O 7. h3 Nc6 8. Bg5 Be6 9. Bxe6 fxe6 10. Re1 d5 11. e5 Nh5 12. Bh4 d4 13. Nb1 Qd5 14. Nbd2 Rae8 15. c4 dxc3 16. bxc3 Nxe5 17. Nxe5 Bxe5 18. c4 Qd4 19. Nf3 Qf4 20. Re4 Qf5 21. Rxe5 Qf4 22. Bg5 Qf7 23. Bh6 Ng7 24. Qf1 Rd8 25. Ng5 Qf6 26. Rae1 Rxd3 27. Qxd3 Qxf2+ 28. Kh2 Qf4+ 29. Qg3 1-0

[Event "CAN-ch U12"]
[Site "Toronto CAN"]
[Date "1997.02.02"]
[Round "4"]
[White "Sodha, Espen"]
[Black "Zou, Yuchuan"]
[Result "1-0"]
[WhiteElo "1514"]
[BlackElo "1770"]
[PlyCount "100"]
[GameId "2160767911966590"]
[EventDate "1997.01.31"]
[EventType "swiss"]
[EventRounds "5"]
[EventCountry "CAN"]
[SourceTitle "EXT 2002"]
[Source "ChessBase"]
[SourceDate "2001.11.25"]
[SourceVersion "1"]
[SourceVersionDate "2001.11.25"]
[SourceQuality "1"]

1. e4 e5 2. Nf3 Nc6 3. Bc4 Bc5 4. c3 Nf6 5. d4 exd4 6. cxd4 Bb4+ 7. Bd2 O-O 8. Bxb4 Nxb4 9. e5 Qe7 10. O-O Ne8 11. Nc3 d6 12. Re1 Bg4 13. Rc1 Nc6 14. Be2 dxe5 15. Nxe5 Bxe2 16. Nxc6 Qd6 17. Qxe2 Qxc6 18. Qe4 Qxe4 19. Nxe4 c6 20. Nc5 Nd6 21. Re7 Rfb8 22. Rce1 b6 23. Ne4 Nf5 24. Rc7 Nxd4 25. Nd6 Rf8 26. Ree7 Rad8 27. Nxf7 Ne6 28. Nxd8 Nxc7 29. Rxc7 Rxd8 30. Kf1 Rd2 31. Rxc6 Rxb2 32. Rc8+ Kf7 33. Rc7+ Kf6 34. Rxa7 h5 35. g3 g5 36. a4 Kf5 37. Rf7+ Kg6 38. Rb7 Rb4 39. Kg2 Kf5 40. Rf7+ Kg6 41. Ra7 g4 42. Ra6 Kg5 43. a5 Ra4 44. Rxb6 Rxa5 45. h3 h4 46. hxg4 Ra4 47. Rb5+ Kg6 48. Kh3 hxg3 49. Kxg3 Rc4 50. Rb6+ Kg5 1-0

[Event "CAN-ch U12"]
[Site "Toronto CAN"]
[Date "1997.02.02"]
[Round "5"]
[White "Awate, Archis"]
[Black "Brown, Ryan"]
[Result "0-1"]
[WhiteElo "1724"]
[BlackElo "1553"]
[PlyCount "38"]
[GameId "2160767911966591"]
[EventDate "1997.01.31"]
[EventType "swiss"]
[EventRounds "5"]
[EventCountry "CAN"]
[SourceTitle "EXT 2002"]
[Source "ChessBase"]
[SourceDate "2001.11.25"]
[SourceVersion "1"]
[SourceVersionDate "2001.11.25"]
[SourceQuality "1"]

1. e4 e5 2. Nf3 Nf6 3. Nc3 Nc6 4. Be2 Be7 5. O-O O-O 6. d3 d5 7. exd5 Nxd5 8. Re1 Bb4 9. Bd2 Nxc3 10. Bxc3 Bxc3 11. bxc3 Re8 12. Nd2 Qg5 13. Ne4 Qd8 14. Bf3 Re6 15. Qd2 Rg6 16. d4 exd4 17. cxd4 Nxd4 18. Qxd4 Qxd4 19. Nf6+ gxf6 0-1

[Event "CAN-ch U12"]
[Site "Toronto CAN"]
[Date "1997.02.02"]
[Round "5"]
[White "Chua, Samuel"]
[Black "Landry, Scott"]
[Result "1-0"]
[WhiteElo "1712"]
[BlackElo "1319"]
[PlyCount "64"]
[GameId "2160767911966592"]
[EventDate "1997.01.31"]
[EventType "swiss"]
[EventRounds "5"]
[EventCountry "CAN"]
[SourceTitle "EXT 2002"]
[Source "ChessBase"]
[SourceDate "2001.11.25"]
[SourceVersion "1"]
[SourceVersionDate "2001.11.25"]
[SourceQuality "1"]

1. d4 d5 2. c4 dxc4 3. e3 Nc6 4. Nc3 Nf6 5. Bxc4 Bf5 6. a3 e6 7. Nf3 Be7 8. O-O O-O 9. Re1 Na5 10. Be2 c5 11. Bd2 c4 12. Nh4 Nb3 13. Nxf5 exf5 14. Rb1 Nxd2 15. Qxd2 Rc8 16. Rbc1 a6 17. Bf3 b5 18. Bb7 Rb8 19. Bxa6 Qa5 20. Qc2 Qxa6 21. Qxf5 b4 22. axb4 Rxb4 23. Rc2 Rb3 24. g3 Rd8 25. d5 Bb4 26. e4 Qa5 27. Qf3 Ne8 28. Rd1 Nd6 29. e5 Nb5 30. Rb1 Nd4 31. Qd1 Nxc2 32. Qxc2 Bxc3 1-0

[Event "CAN-ch U12"]
[Site "Toronto CAN"]
[Date "1997.02.02"]
[Round "5"]
[White "Divljan, Igor"]
[Black "Sodha, Espen"]
[Result "1-0"]
[WhiteElo "1866"]
[BlackElo "1514"]
[PlyCount "103"]
[GameId "2160767911966593"]
[EventDate "1997.01.31"]
[EventType "swiss"]
[EventRounds "5"]
[EventCountry "CAN"]

1. e4 e5 2. Nf3 Nc6 3. Bc4 Bc5 4. c3 Nf6 5. d4 exd4 6. cxd4 Bb4+ 7. Bd2 Bxd2+ 8. Nbxd2 d6 9. O-O Bg4 10. Qc2 O-O 11. h3 Bh5 12. a3 Re8 13. Rfe1 Qd7 14. Bb5 a6 15. Bxc6 bxc6 16. Rac1 Bxf3 17. Nxf3 Ra7 18. e5 Nd5 19. Qxc6 Qxc6 20. Rxc6 dxe5 21. dxe5 Nf4 22. g3 Nd3 23. Re2 Rb7 24. b4 f6 25. e6 Rb6 26. Rxb6 cxb6 27. Rd2 Ne5 28. Nxe5 fxe5 29. Rd6 Rb8 30. e7 Re8 31. Rxb6 Rxe7 32. Rxa6 Kf7 33. b5 Rb7 34. a4 Ke7 35. b6 Kf6 36. a5 g6 37. Ra7 Rb8 38. b7 e4 39. a6 e3 40. fxe3 Rd8 41. Ra8 Rd1+ 42. Kf2 h5 43. b8=Q h4 44. Qf4+ Ke6 45. Re8+ Kd7 46. Qf7+ Kc6 47. Qe6+ Kc5 48. Rc8+ Kb4 49. Qb6+ Ka3 50. Rc3+ Ka2 51. Qa5+ Kb1 52. Qb4+ 1-0

[Event "CAN-ch U12"]
[Site "Toronto CAN"]
[Date "1997.02.02"]
[Round "5"]
[White "Fortin, Marc"]
[Black "Ma, Xiao"]
[Result "1/2-1/2"]
[WhiteElo "1942"]
[BlackElo "1588"]
[PlyCount "53"]
[GameId "2160767911966594"]
[EventDate "1997.01.31"]
[EventType "swiss"]
[EventRounds "5"]
[EventCountry "CAN"]
[SourceTitle "EXT 2002"]
[Source "ChessBase"]
[SourceDate "2001.11.25"]
[SourceVersion "1"]
[SourceVersionDate "2001.11.25"]
[SourceQuality "1"]

1. e4 e5 2. Nf3 Nc6 3. Bc4 Bc5 4. c3 Nf6 5. d4 exd4 6. cxd4 Bb4+ 7. Nc3 Nxe4 8. O-O Bxc3 9. d5 Bf6 10. Re1 Ne7 11. Rxe4 d6 12. Bg5 Bxg5 13. Nxg5 h6 14. Qe2 hxg5 15. Re1 Be6 16. dxe6 f6 17. Re3 c6 18. Rh3 Rxh3 19. gxh3 g6 20. h4 gxh4 21. Qg4 Qa5 22. Rd1 Qg5 23. Qxg5 fxg5 24. Rxd6 Rd8 25. Rxd8+ Kxd8 26. Kg2 Nf5 27. Kf3 1/2-1/2

[Event "CAN-ch U12"]
[Site "Toronto CAN"]
[Date "1997.02.02"]
[Round "5"]
[White "Kovacs, Peter"]
[Black "Canal, Richard"]
[Result "1-0"]
[WhiteElo "1869"]
[BlackElo "1162"]
[PlyCount "81"]
[GameId "2160767911966595"]
[EventDate "1997.01.31"]
[EventType "swiss"]
[EventRounds "5"]
[EventCountry "CAN"]
[SourceTitle "EXT 2002"]
[Source "ChessBase"]
[SourceDate "2001.11.25"]
[SourceVersion "1"]
[SourceVersionDate "2001.11.25"]
[SourceQuality "1"]

1. e4 c5 2. Nf3 d6 3. d4 Nc6 4. dxc5 dxc5 5. Qxd8+ Nxd8 6. Be3 e6 7. Bb5+ Nc6 8. Bxc6+ bxc6 9. O-O g6 10. Nbd2 Bg7 11. c3 Nf6 12. Bxc5 Ba6 13. Rfe1 Rb8 14. Nb3 Bc4 15. Nfd2 Bxb3 16. Nxb3 a5 17. Re2 a4 18. Nd4 e5 19. Nf3 Rb5 20. Bd6 Nd7 21. c4 Rb6 22. b3 c5 23. Bc7 Rc6 24. Ba5 axb3 25. axb3 O-O 26. Rd1 Ra8 27. Rxd7 Rxa5 28. h3 Ra1+ 29. Kh2 Bf6 30. Rd5 Re6 31. Rxc5 Rb1 32. Rb5 Rd6 33. Nxe5 Bxe5+ 34. Rxe5 Rxb3 35. Rc2 f6 36. Rd5 Ra6 37. c5 Ra1 38. c6 Rbb1 39. c7 Rh1+ 40. Kg3 Ra3+ 41. f3 1-0

[Event "CAN-ch U12"]
[Site "Toronto CAN"]
[Date "1997.02.02"]
[Round "5"]
[White "Zou, Yuchuan"]
[Black "Wong, Samuel"]
[Result "0-1"]
[WhiteElo "1770"]
[BlackElo "1873"]
[PlyCount "102"]
[GameId "2160767911966596"]
[EventDate "1997.01.31"]
[EventType "swiss"]
[EventRounds "5"]
[EventCountry "CAN"]

1. e4 c5 2. Nf3 d6 3. d4 cxd4 4. Nxd4 Nf6 5. Nc3 a6 6. Be2 e6 7. O-O Be7 8. Be3 Qc7 9. Qd2 b5 10. a3 Bb7 11. f3 Nbd7 12. Rfd1 O-O 13. Rac1 Rfd8 14. Qe1 Nb6 15. Qf2 Nc4 16. Bxc4 Qxc4 17. Nb3 Nd7 18. Na5 Qc7 19. Nxb7 Qxb7 20. Qg3 Nb6 21. Bd4 Bf8 22. b3 d5 23. exd5 Nxd5 24. Ne4 Qc7 25. Be5 Qe7 26. b4 Kh8 27. Nc5 f6 28. Bd4 Nb6 29. Bf2 Rd6 30. Rxd6 Qxd6 31. Qxd6 Bxd6 32. Nxe6 Nc4 33. Ra1 a5 34. Bd4 axb4 35. axb4 Rxa1+ 36. Bxa1 Bxb4 37. Bd4 Kg8 38. c3 Ba5 39. Kf2 Kf7 40. Nc5 Bb6 41. Nb3 Bxd4+ 42. Nxd4 Nd6 43. Ke3 f5 44. Kf4 Kf6 45. g4 g5+ 46. Ke3 f4+ 47. Kd3 Ke5 48. Nc6+ Kd5 49. Nd4 h6 50. h3 Ke5 51. Nc6+ Kd5 0-1

[Event "CAN-ch U14"]
[Site "Toronto CAN"]
[Date "1997.01.31"]
[Round "1"]
[White "Goguen, Patrick"]
[Black "Chu, Stefanie"]
[Result "0-1"]
[WhiteElo "1623"]
[BlackElo "2032"]
[PlyCount "56"]
[GameId "2160767911966599"]
[EventDate "1997.01.31"]
[EventType "swiss"]
[EventRounds "5"]
[EventCountry "CAN"]

1. d4 Nf6 2. c4 d6 3. Nc3 e5 4. dxe5 dxe5 5. Qxd8+ Kxd8 6. Bg5 c6 7. Nf3 Nbd7 8. Rd1 Kc7 9. Bxf6 gxf6 10. g3 Nb6 11. e3 Bg4 12. Be2 Nxc4 13. Rb1 Bb4 14. Bxc4 Bxf3 15. O-O Bh5 16. Ne4 Bg6 17. f3 h6 18. Rbd1 f5 19. Nf6 Rad8 20. a3 Be7 21. Ng4 fxg4 22. fxg4 f6 23. Be2 Rxd1 24. Rxd1 Rd8 25. Kg2 Rxd1 26. Bxd1 Be4+ 27. Kh3 Bc5 28. Kh4 Bxe3 0-1

[Event "CAN-ch U14"]
[Site "Toronto CAN"]
[Date "1997.01.31"]
[Round "1"]
[White "Hacatoglu, Kevork"]
[Black "Joshi, Anand"]
[Result "1-0"]
[WhiteElo "2000"]
[BlackElo "1603"]
[PlyCount "89"]
[GameId "2160767911966600"]
[EventDate "1997.01.31"]
[EventType "swiss"]
[EventRounds "5"]
[EventCountry "CAN"]

1. e4 e6 2. d4 d5 3. exd5 exd5 4. Bd3 Bd6 5. Nf3 Ne7 6. Qe2 Bg4 7. c3 O-O 8. Bxh7+ Kh8 9. Bd3 Re8 10. Be3 f5 11. Bg5 Bxf3 12. gxf3 Qd7 13. Kd1 c5 14. f4 Kg8 15. Rg1 Rf8 16. h4 cxd4 17. Bb5 Nbc6 18. cxd4 a6 19. Bxe7 Qxe7 20. Bxc6 bxc6 21. Nc3 Qxe2+ 22. Nxe2 Rab8 23. Rg6 Rf6 24. Rxf6 gxf6 25. b3 c5 26. Rc1 Rc8 27. dxc5 Rxc5 28. Rxc5 Bxc5 29. f3 Be3 30. Kc2 Kg7 31. Kd3 Bf2 32. Nc3 d4 33. Ne2 Bxh4 34. Nxd4 Kg6 35. Ne6 Be1 36. Nc5 a5 37. a3 Kf7 38. Na4 Ke6 39. Nc3 Bf2 40. b4 axb4 41. axb4 Kd6 42. Kc4 Bg3 43. Nd5 Bf2 44. Nxf6 Kc6 45. Nd5 1-0

[Event "CAN-ch U14"]
[Site "Toronto CAN"]
[Date "1997.02.01"]
[Round "2"]
[White "Davies, Jordan"]
[Black "Joshi, Anand"]
[Result "0-1"]
[WhiteElo "1834"]
[BlackElo "1603"]
[PlyCount "97"]
[GameId "2160767911966604"]
[EventDate "1997.01.31"]
[EventType "swiss"]
[EventRounds "5"]
[EventCountry "CAN"]

1. Nf3 Nf6 2. g3 g6 3. Bg2 Bg7 4. O-O O-O 5. d4 d6 6. c4 Nc6 7. Nc3 a6 8. b3 e5 9. e3 Bg4 10. Bb2 e4 11. h3 Bxf3 12. Bxf3 exf3 13. Qxf3 Re8 14. Rad1 Qe7 15. Rfe1 Ne4 16. Qg2 Nxc3 17. Bxc3 Rab8 18. e4 Na7 19. Ba1 c6 20. f4 b5 21. Qf2 bxc4 22. bxc4 Qb7 23. a3 Qb3 24. d5 Bxa1 25. Rxa1 Qb6 26. Qxb6 Rxb6 27. Re3 cxd5 28. cxd5 Rb5 29. Kf2 Rc8 30. Ra2 Rbc5 31. a4 Kf8 32. Raa3 Ra5 33. Reb3 Rc4 34. Kf3 Kg7 35. Rb6 Nc8 36. Rb8 Ne7 37. Rb6 f5 38. exf5 Nxf5 39. g4 Ne7 40. Rxd6 Nxd5 41. Rd7+ Kf6 42. Rxh7 Rxf4+ 43. Kg3 Raxa4 44. Rd3 Rfd4 45. Rxd4 Rxd4 46. Rd7 Ke6 47. Rg7 Rd3+ 48. Kh4 Kf6 49. Rd7 0-1